Normal view
MARC view
Entry Personal Name
001 - CONTROL NUMBER
- control field: 20801
003 - CONTROL NUMBER IDENTIFIER
- control field: dpl
005 - DATE AND TIME OF LATEST TRANSACTION
- control field: 20100920142002.0
008 - FIXED-LENGTH DATA ELEMENTS
- fixed length control field: 100920|||a|||||| | ||| d
040 ## - CATALOGING SOURCE
- Original cataloging agency: dpl
- Transcribing agency: dpl
100 ## - HEADING--PERSONAL NAME
- Personal name: Burgess, Thornton W.
670 ## - SOURCE DATA FOUND
- Source citation: Work cat.: (dpl)47019: Burgess, Thornton W., The Burgess animal book for children /, 2009.
670 ## - SOURCE DATA FOUND
- Source citation: Work cat.: (dpl)47019: Burgess, Thornton W., The Burgess animal book for children /, 2009.
